| 000 | 00510nam a2200169Ia 4500 | ||
|---|---|---|---|
| 005 | 20250508160021.0 | ||
| 008 | 008 250505s9999 xx 000 0 eng d | ||
| 037 | _aBooks to be hide in OPAC | ||
| 040 |
_aFEDL _beng _cFEDL |
||
| 041 |
_aeng _2eng |
||
| 084 |
_a630.7, GRE/O _qFEDL |
||
| 245 | 0 | _aReport of the committee on post-war agricultural education | |
| 260 |
_aLondon, UK _bHis Majesty's Stationery Office |
||
| 300 | _a92p. | ||
| 942 |
_cHB _h630.7, GRE/O |
||
| 999 |
_c1361060 _d1361060 |
||